Social democracy and rational workers (Record no. 18758)

000 -LEADER
fixed length control field 00405pab a2200157 454500
008 - FIXED-LENGTH DATA ELEMENTS--GENERAL INFORMATION
fixed length control field 180718b1990 xxu||||| |||| 00| 0 eng d
100 ## - MAIN ENTRY--PERSONAL NAME
Personal name King, Desmond S.
245 ## - TITLE STATEMENT
Title Social democracy and rational workers
260 ## - PUBLICATION, DISTRIBUTION, ETC.
Date of publication, distribution, etc. 1990
300 ## - PHYSICAL DESCRIPTION
Extent 387-417
362 ## - DATES OF PUBLICATION AND/OR SEQUENTIAL DESIGNATION
Dates of publication and/or sequential designation July
650 ## - SUBJECT ADDED ENTRY--TOPICAL TERM
Topical term or geographic name entry element Social Democracy
700 ## - ADDED ENTRY--PERSONAL NAME
Personal name Mark Wickham - Jones
773 ## - HOST ITEM ENTRY
Main entry heading British Journal of Political Science
909 ## -
-- 18758
Holdings
Withdrawn status Lost status Damaged status Not for loan Permanent Location Current Location Date acquired Serial Enumeration / chronology Barcode Date last seen Price effective from Koha item type
        Indian Institute of Public Administration Indian Institute of Public Administration 2018-07-19 Volume no: 20, Issue no: 3 AR18820 2018-07-19 2018-07-19 Articles

Powered by Koha